| 000 | 00587nam a2200217 i 4500 | ||
|---|---|---|---|
| 001 | bgj | ||
| 100 | 1 | _aSPEAR, Percival. | |
| 245 | 1 | 0 |
_aA history of India. _nVol. 2 / _cPercival Spear. |
| 250 | _a[Repr. with rev.]. | ||
| 260 |
_aHarmondsworth, England [etc.] : _bPenguin Books, _c1973. |
||
| 300 |
_a292 pp : _bmaps ; _c19 cm. |
||
| 504 | _aBibliography p. 269-278. | ||
| 505 | _aIncludes index. | ||
| 650 | 9 |
_aIndia _xHistory |
|
| 020 | _a0140207708 | ||
| 040 | _cBPK | ||
| 041 | 0 | _aeng | |
| 920 | _a0-1402-0770-8 | ||
| 942 | _cKS | ||
| 008 | s uk f |000 0 eng | ||
| 999 |
_c47871 _d47871 |
||
| 856 |
_uhttp://koha.tu.koszalin.pl/cgi-bin/koha/opac-detail.pl?biblionumber=47871 _yKatalog online BPK |
||